000 01027nam a2200337 i 4500
003 EG-GICUC
005 20260121101747.0
008 260120s1976 fr ||||fr|||| 000 0 fre d
020 _a2218031264
040 _aEG-GiCUC
_bfre
_cEG-GiCUC
_dEG-GiCUC
_eRda
082 0 4 _221
_a338.9
_bBR . P
092 0 4 _221
099 _aLaw1 13 338.9 BR . P 1976
100 1 _aBrémond, Janine
_eAuteur
245 1 4 _aLes Planifications 'économiques /
_b
_cJanine Brémond, Catherine Lidsky.
264 1 _aParis :
_bHatier,
_c1976.
300 _a79page :
_billustration ;
_c 24 cm.
336 _2rda contenu
_a texte
337 _2rda medias
_aOrdinateur
338 _2 transporteur rda
_a Ressource en ligne
490 _a
500 _a
504 _a
546 _aTexte en français
650 1 4 _aFinances publiques et législation fiscale
_2
651 1 _2
700 1 _aLidsky, Catherine
_eCo-Auteur
856 4 0 _uhttps://fll.law.cu.edu.eg/fulltext/bks/B13-07621.pdf
905 _a50
942 _2ddc
_cBK
_e21
_n0
999 _c58208
_d58208